ISSUES CHALLENGES AND REFORMS IN HIGHER (Record no. 33849)

MARC details
000 -LEADER
fixed length control field 00307nam a22001337a 4500
003 - CONTROL NUMBER IDENTIFIER
control field SGT
020 ## - INTERNATIONAL STANDARD BOOK NUMBER
International Standard Book Number 9788171327195
082 ## - DEWEY DECIMAL CLASSIFICATION NUMBER
Classification number 378.1,SIV
100 ## - MAIN ENTRY--PERSONAL NAME
Personal name SIVAMURUGAN.C.
245 ## - TITLE STATEMENT
Title ISSUES CHALLENGES AND REFORMS IN HIGHER
260 ## - PUBLICATION, DISTRIBUTION, ETC. (IMPRINT)
Place of publication, distribution, etc JAIPUR
Name of publisher, distributor, etc POINTER PUBLISHARS
Year of Publication 2013
300 ## - PAGE DESCRIPTION
No. of Pages 230
942 ## - ADDED ENTRY ELEMENTS (KOHA)
Source of classification or shelving scheme Dewey Decimal Classification
Koha item type Books
Holdings
Withdrawn status Lost status Source of classification or shelving scheme Damaged status Not for loan Collection code Home library Current library Shelving location Date acquired Vendor Name Cost, normal purchase price SGTU Bill Number Full call number Accession No. (Barcode) Date last seen Bill Date Koha item type Total Checkouts
    Dewey Decimal Classification   Not For Loan EDUCATION SGT Engineering Library SGT Engineering Library Reference Book 02/02/2026 BRIJWASI BOOK DISTRIBUTORS 850.00 SGTU IN/BW/000381 378.1,SIV ED5522 02/02/2026 20/12/2025 Books  
    Dewey Decimal Classification     EDUCATION SGT Engineering Library SGT Engineering Library Text Book 02/02/2026 BRIJWASI BOOK DISTRIBUTORS 850.00 SGTU IN/BW/000381 378.1,SIV ED5523 02/02/2026 20/12/2025 Books